[Event "TOP 16 GpA"]
[Site "Clichy FRA"]
[Date "2009.03.22"]
[Round "3"]
[White "Skripchenko,A"]
[Black "Assad,K"]
[Result "1/2-1/2"]
[WhiteElo "2454"]
[BlackElo "2038"]

1.Nf3 d5 2.c4 e6 3.g3 c6 4.Qc2 Nf6 5.Bg2 Bd6 6.d4 Nbd7 7.O-O O-O 8.Nbd2 Re8
9.Rd1 Qe7 10.Nf1 Ne4 11.b3 f5 12.Bb2 Ndf6 13.Ne5 Qc7 14.f3 Ng5 15.c5 Bf8
16.b4 Nf7 17.a3 Nxe5 18.dxe5 Nd7 19.Qc3 b6 20.cxb6 Qxb6+ 21.Kh1 c5 22.bxc5 Nxc5
23.Bc1 Qb3 24.Qe1 Bd7 25.Be3 Qa4 26.Nd2 Rab8 27.Qf2 Rec8 28.Rdc1 Nb3 29.Nxb3 Qxb3
30.Bxa7 Rxc1+ 31.Rxc1 Qxa3 32.Rc7 Rb1+ 33.Bf1 Bb5 34.Kg2 Rc1 35.Rxc1 Qxc1
36.Qb6 Qc6 37.Qd8 Qd7 38.Qb8 Qe8 39.Qb7 Qc6 40.Qb8 Qe8 41.Qb6 Qc6 42.Qe3 Be7
43.h4 h5 44.Bd4 Qe8 45.Qf4 Qg6 46.Be3 Qf7 47.Qd4 Qe8 48.Kh3 Qc6 49.Kg2 Qc4
50.Qa7 Bf8 51.Kf2 Qc6 52.Bb6 Qd7 53.Qa1 Qc6 54.Qd4 Qc4 55.Qe3 Qc6 56.Ba7 Be7
57.Kg2 Qe8 58.Bd4 Qg6 59.Kh2 Qe8 60.Qg1 Qg6 61.Qf2 Qf7 62.Bh3 Qg6 63.Qe3 Qf7
64.Qd2 Qg6 65.Bf2 Qf7 66.Be3 Qg6 67.Qc2 Qe8 68.Kg2  1/2-1/2

[Event "Battle of the GMs"]
[Site "Dapitan PHI"]
[Date "2009.03.25"]
[Round "3"]
[White "Gomez,Joh"]
[Black "Dableo,R"]
[Result "1-0"]
[WhiteElo "2539"]
[BlackElo "2432"]

1.Nf3 d5 2.c4 e6 3.d4 f5 4.Nc3 Nf6 5.Bf4 c6 6.e3 Be7 7.h3 O-O 8.g4 dxc4 9.Bxc4 Nd5
10.Be5 Nd7 11.gxf5 N7b6 12.Rg1 Bf6 13.Nxd5 exd5 14.Bd3 Bxe5 15.dxe5 Bxf5
16.Nd4 Bxd3 17.Rxg7+ Kh8 18.Qxd3 Qh4 19.Rg3 Nc4 20.Qc3 Rae8 21.Ne2 Nxe5 22.f4 Rg8
23.Kf2 Rxg3 24.Nxg3 Qf6 25.Rg1 Nd7 26.Qxf6+ Nxf6 27.Kf3 Rg8 28.Rg2 a5 29.Rc2 h6
30.e4 dxe4+ 31.Nxe4 Nd5 32.Nd6 Rf8 33.Nxb7 Rxf4+ 34.Kg3 h5 35.Nxa5 h4+ 36.Kh2 Nb4
37.Rd2 Nxa2 38.Nxc6 Kh7 39.Kg2 Rc4 40.Ne5 Re4 41.Nf3 Rb4 42.Rc2 Rf4 43.b3 Nb4
44.Rc4 Nd3 45.Nxh4 Rf2+ 46.Kg3 Rb2 47.Rc3 Nb4 48.Kg4 Na2 49.Rc7+ Kg8 50.Rb7 Nc1
51.b4 Nd3 52.b5 Rb4+ 53.Kg5 Nc5 54.Rb8+ Kf7 55.Nf3 Ne6+ 56.Kf5 Rf4+ 57.Ke5 Rxf3
58.Rb7+ Ke8 59.Kxe6 Kd8 60.Rh7 Rd3  1-0

[Event "25th Spring Festival"]
[Site "Budapest HUN"]
[Date "2009.03.27"]
[Round "8"]
[White "Mako,Z"]
[Black "Farkas,R"]
[Result "1-0"]
[WhiteElo "1994"]
[BlackElo "1659"]

1.Nf3 d5 2.c4 c6 3.b3 Bf5 4.Bb2 Nd7 5.cxd5 cxd5 6.e3 e6 7.Nc3 a6 8.Be2 Bd6
9.Nxd5 Ngf6 10.Nxf6+ Nxf6 11.O-O O-O 12.d3 Bb4 13.a3 Ba5 14.Rc1 Qe7 15.b4 Bb6
16.Nh4 Bg6 17.Nxg6 hxg6 18.Rc4 Rac8 19.Qc2 Rcd8 20.Rc1 Nd5 21.Bd4 Bxd4 22.Rxd4 f5
23.Bf3 Nf6 24.Rxd8 Rxd8 25.h3 Qd7 26.d4 Qb5 27.Qb3 Nd5 28.Rc5 Qd7 29.Qc2 Kh7
30.Kf1 Qf7 31.Bxd5 Rxd5 32.Rc7 Rd7 33.Rc4 Kh6 34.Qc1 g5 35.Rc8 f4 36.h4 fxe3
37.Qxe3 Qf5 38.Rh8+ Kg6 39.g3 gxh4 40.Rxh4 Qb1+ 41.Kg2 Qf5 42.Rf4 Qd5+ 43.Kg1 Rf7
44.Qd3+ Rf5 45.g4 Kg5 46.Re4 Qc6 47.Qe3+ Kf6 48.gxf5 exf5 49.Re7 b6 50.Qe5+  1-0

[Event "Battle of the GMs"]
[Site "Dapitan PHI"]
[Date "2009.03.27"]
[Round "5"]
[White "Gomez,Joh"]
[Black "Sadorra,J"]
[Result "1/2-1/2"]
[WhiteElo "2539"]
[BlackElo "2439"]

1.Nf3 d5 2.c4 dxc4 3.e3 Nf6 4.Bxc4 e6 5.O-O a6 6.a4 c5 7.d4 Nc6 8.Qe2 cxd4
9.Rd1 Be7 10.exd4 O-O 11.Nc3 Nb4 12.Bg5 Bd7 13.Ne5 Bc6 14.Nxc6 bxc6 15.a5 Re8
16.Bf4 Nbd5 17.Be5 Qc8 18.Ne4 Nxe4 19.Qxe4 Qb7 20.Qe2 Bf6 21.Bg3 Red8 22.Ra3 Qb4
23.Bxa6 Bxd4 24.Bc4 c5 25.h4 Rdc8 26.a6 Qxb2 27.Qxb2 Bxb2 28.Rb3 Bd4 29.Rb7 Nc3
30.Re1 Nd5 31.a7 Nb4 32.Rxe6 fxe6 33.Bxe6+ Kh8 34.Bxc8 Nc6 35.Bb8 Nxa7 36.Re7 g6
37.Re8+ Kg7 38.Bb7 Rxb8 39.Rxb8 Nb5 40.Bd5 Nc3 41.Rb7+ Kf6 42.Bg8 h6 43.Kf1 Ne4
44.Ke2 g5 45.h5 g4 46.Rf7+ Kg5 47.Bh7 Nf6 48.Bg6 Nxh5 49.Bxh5 Kxh5 50.f3 Kh4
51.Rf4 h5 52.Rf5 Bg1 53.Rd5 Bd4 54.Rf5 Bg1 55.Kf1 Bd4 56.Ke2 Bg1 57.f4 Kg3
58.Kf1 Be3 59.Rxh5 Kxf4 60.Rh8 Kg3 61.Ra8 Bd4 62.Ra5 Kf4 63.Ke2 Kg3 64.Kf1 Kf4
65.Ra3 Ke4 66.Ke2 Kf4 67.Kd2 Ke4 68.Ke2 Kf4 69.Ra4 Kg3 70.Kf1 Kf4 71.Ra8 Ke3
72.Rg8 c4 73.Rxg4 c3 74.Ke1 Kd3 75.Rxd4+ Kxd4  1/2-1/2

[Event "ITT Proyeccion U20"]
[Site "Buenos Aires ARG"]
[Date "2009.03.28"]
[Round "4"]
[White "Mayorga,N"]
[Black "Goldwaser,C"]
[Result "0-1"]
[WhiteElo "2306"]
[BlackElo "2356"]

1.Nf3 d5 2.c4 d4 3.b4 a5 4.Bb2 axb4 5.Bxd4 Nf6 6.Bxf6 gxf6 7.d4 c5 8.e3 e6
9.Nbd2 Bg7 10.Nb3 b6 11.g3 Bb7 12.Bg2 Qe7 13.O-O O-O 14.Qc1 f5 15.Rd1 Nd7
16.Rd2 Rfc8 17.Ne1 Bxg2 18.Kxg2 cxd4 19.exd4 Bh6 20.f4 Nf6 21.Rc2 Bg7 22.Nd3 Ne4
23.Qe1 Ra4 24.Qe3 Qb7 25.Kh3 Qa6 26.c5 Qa8 27.Ne5 bxc5 28.Nxc5 Ra3 29.Qe2 Bxe5
30.fxe5 b3 31.Nxb3 Rxc2 32.Qxc2 Rxb3 33.Qxb3 Nf2+ 34.Kh4 Qe4+ 35.Kg5 Kg7  0-1

[Event "16th TCh-RUS HL"]
[Site "Dagomys RUS"]
[Date "2009.04.05"]
[Round "4"]
[White "Papin,V"]
[Black "Oparin,G"]
[Result "1-0"]
[WhiteElo "2462"]
[BlackElo "2257"]

1.Nf3 d5 2.c4 e6 3.g3 Nf6 4.Bg2 Be7 5.O-O O-O 6.d4 c6 7.Qc2 b6 8.Rd1 Bb7
9.Nbd2 Nbd7 10.e4 dxe4 11.Nxe4 Nxe4 12.Qxe4 Nf6 13.Qe2 Bd6 14.Ne5 Qc7 15.Bf4 Nd7
16.c5 Bxe5 17.Bxe5 Nxe5 18.dxe5 bxc5 19.Rd6 Rad8 20.Rad1 f6 21.Qd3 Rde8 22.Be4 f5
23.Bf3 Re7 24.Qc4 Kf7 25.R1d3 Rb8 26.b3 Ba8 27.Qxc5 Qb6 28.Qc1 Qc7 29.g4 c5
30.gxf5 exf5 31.e6+ Kg8 32.Rd7 Rxd7 33.Rxd7 Qe5 34.e7 Bxf3 35.Qc4+ Bd5 36.Rd8+ Kf7
37.e8=Q+  1-0

[Event "TCh-HUN 2008-9"]
[Site "Kazincbarcika HUN"]
[Date "2009.04.05"]
[Round "10"]
[White "Emodi,B"]
[Black "Borsos,B"]
[Result "1/2-1/2"]
[WhiteElo "2362"]
[BlackElo "2363"]

1.Nf3 d5 2.c4 e6 3.g3 c5 4.Bg2 Nc6 5.O-O Nf6 6.d4 dxc4 7.Qa4 Bd7 8.Qxc4 cxd4
9.Nxd4 Nxd4 10.Qxd4 Bc6 11.Bxc6+ bxc6 12.Qa4 Qb6 13.Be3 Bc5 14.Rc1 Bxe3 15.Rxc6 Bxf2+
16.Kf1 Qd4 17.Rc4+ Qd7 18.Kxf2 h5 19.h3  1/2-1/2

[Event "Open"]
[Site "Las Palmas ESP"]
[Date "2009.04.06"]
[Round "2"]
[White "Javakhadze,Z"]
[Black "Capote Robayna,N"]
[Result "1-0"]
[WhiteElo "2288"]
[BlackElo "1909"]

1.Nf3 d5 2.c4 d4 3.g3 Nf6 4.d3 c5 5.Bg2 g6 6.Na3 Bg7 7.Nc2 Nc6 8.Bd2 a5 9.b3 e5
10.O-O O-O 11.Ng5 Qe7 12.a3 h6 13.Ne4 Nd7 14.f3 f5 15.Nf2 Ra6 16.Rb1 Rb6
17.Qe1 Ra6 18.b4 axb4 19.axb4 Ra2 20.Qc1 Kh7 21.Rb2 Rxb2 22.Qxb2 b6 23.Ra1 Nf6
24.Re1 Be6 25.b5 Nd8 26.e3 Qd7 27.exd4 exd4 28.Qa1 Re8 29.Qa6 Qb7 30.Bf4 Re7
31.Bd6 Rd7 32.f4 Qxa6 33.bxa6 Ra7 34.Bb8 Rxa6 35.Bc7 Ra2 36.Bxd8 Bxc4 37.dxc4 Rxc2
38.Bf1 Ne4 39.Nxe4 fxe4 40.Bxb6 d3 41.Bxc5 Rxc4 42.Be3 Rc2 43.Rd1 Bc3 44.h4 h5
45.Bb6 Kg7 46.Be3 Kf6 47.Rb1 Bb2 48.Rxb2 Rxb2 49.Bd4+  1-0

[Event "11th European Senior Team"]
[Site "Velden AUT"]
[Date "2009.04.07"]
[Round "3"]
[White "Gallob,J2"]
[Black "Kopinits,S"]
[Result "1/2-1/2"]
[WhiteElo "1938"]
[BlackElo "1717"]

1.Nf3 d5 2.c4 e6 3.d4 c6 4.b3 f5 5.Nc3 Nf6 6.Ne5 Be7 7.e3 O-O 8.Be2 Nbd7
9.O-O Nxe5 10.dxe5 Ne4 11.Bb2 Qc7 12.Nxe4 fxe4 13.Rc1 Qa5 14.a3 Bd7 15.b4 Qd8  1/2-1/2

[Event "11th European Senior Team"]
[Site "Velden AUT"]
[Date "2009.04.07"]
[Round "3"]
[White "Werchan,H"]
[Black "Rost van Tonningen,O"]
[Result "1-0"]
[WhiteElo "2174"]
[BlackElo "2049"]

1.Nf3 d5 2.c4 e6 3.g3 Nf6 4.Bg2 c6 5.b3 Nbd7 6.Bb2 Be7 7.O-O O-O 8.Qc2 Bd6
9.d4 Qe7 10.Nc3 Ba3 11.Bxa3 Qxa3 12.Rfe1 Qd6 13.Rad1 Re8 14.e4 Nxe4 15.Nxe4 dxe4
16.Qxe4 Nf6 17.Qh4 Bd7 18.Ne5 Rad8 19.g4 Bc8 20.g5 Nd7 21.Be4 Nf8 22.Re3 c5
23.Bxh7+ Nxh7 24.Rh3 cxd4 25.Qxh7+ Kf8 26.Qh8+ Ke7 27.Qxg7 Rf8 28.Ng6+ Ke8
29.Nxf8 e5 30.Rh8 d3 31.Ne6+  1-0

[Event "11th European Senior Team"]
[Site "Velden AUT"]
[Date "2009.04.07"]
[Round "3"]
[White "Pribyl,Jo"]
[Black "Brinck Claussen,B"]
[Result "1/2-1/2"]
[WhiteElo "2346"]
[BlackElo "2290"]

1.Nf3 d5 2.c4 c6 3.b3 Nf6 4.g3 Bg4 5.Bg2 e6 6.Bb2 Nbd7 7.d3 Bd6 8.h3 Bxf3
9.Bxf3 Qe7 10.Qc2 O-O 11.O-O Ne5 12.Bg2 Ng6 13.Nd2 h5 14.e4 h4 15.Nf3 dxe4
16.dxe4 e5 17.Rad1 Bc5  1/2-1/2

[Event "Open"]
[Site "Las Palmas ESP"]
[Date "2009.04.09"]
[Round "6"]
[White "Arana Hernandez,M"]
[Black "Santana Benitez,R"]
[Result "1-0"]
[WhiteElo "1714"]
[BlackElo "1466"]

1.Nf3 d5 2.c4 Nf6 3.b3 c5 4.d4 cxd4 5.cxd5 Nxd5 6.Bb2 Nc6 7.Nxd4 Nxd4 8.Qxd4 f6
9.e4 Nb6 10.Bb5+ Bd7 11.Nc3 e5 12.Bxd7+ Qxd7 13.Qxd7+ Nxd7 14.O-O-O O-O-O
15.Nd5 Bc5 16.Rd2 Kb8 17.b4 Bb6 18.Rhd1 Rc8+ 19.Kb1 Bd8 20.f4 Re8 21.f5 Nb6
22.Rc2 Rxc2 23.Kxc2 Be7 24.Nxb6 axb6 25.Kb3 Kc8 26.Kc4 Kc7 27.Kb5 Rc8 28.Rc1+ Kb8
29.Rxc8+ Kxc8 30.a3 Kc7 31.Bc1 g6 32.g4 g5 33.Be3 Bd6 34.Bxb6+ Kd7 35.a4 Be7
36.a5 Bd6 37.Kc4 Bc7 38.Bxc7 Kxc7 39.Kd5 Kd7 40.b5  1-0

[Event "11th European Senior Team"]
[Site "Velden AUT"]
[Date "2009.04.09"]
[Round "5"]
[White "Werchan,H"]
[Black "Vink,W"]
[Result "0-1"]
[WhiteElo "2174"]
[BlackElo "2014"]

1.Nf3 d5 2.c4 c6 3.g3 Nf6 4.Bg2 g6 5.b3 Bg7 6.Bb2 O-O 7.O-O b6 8.d4 Bb7 9.Nc3 e6
10.Qc2 Nbd7 11.Ba3 Re8 12.Rad1 Rc8 13.cxd5 exd5 14.Rfe1 Bf8 15.Bxf8 Kxf8
16.Qd2 Kg7 17.h4 Qc7 18.Nh2 Re7 19.e4 dxe4 20.Nxe4 Nxe4 21.Rxe4 Rxe4 22.Bxe4 Nf6
23.Bf3 Rd8 24.Qc3 Nd5 25.Qc1 h5 26.Nf1 Qe7 27.Ne3 Nxe3 28.Qxe3 Qf6 29.b4 Bc8
30.Qe5 Qxe5 31.dxe5 Rxd1+ 32.Bxd1 Be6 33.a3 f6 34.exf6+ Kxf6 35.f3 Ke5 36.Kf2 Kd4
37.Bc2 Bf7 38.Be4 c5 39.bxc5 bxc5 40.Ke2 Kc3 41.a4 a5 42.g4 hxg4 43.fxg4 Kb3
44.Kd2 Kxa4 45.Kc3 Kb5 46.g5 a4 47.Bd3+ Kc6 48.Bc2 a3 49.Bb3 a2 50.Ba4+ Kd6
51.Kb2 Ke5 52.Bc2 Kf4 53.h5 gxh5 54.g6 Bg8 55.g7 Kg5 56.Bb3 a1=Q+  0-1

[Event "47th Doeberl Cup Premier"]
[Site "Canberra AUS"]
[Date "2009.04.10"]
[Round "3"]
[White "Van der Wal,F"]
[Black "Caoili,A"]
[Result "0-1"]
[WhiteElo "1932"]
[BlackElo "2172"]

1.Nf3 d5 2.c4 c6 3.g3 dxc4 4.Bg2 b5 5.a4 Bb7 6.b3 cxb3 7.Qxb3 Qb6 8.axb5 Nd7
9.Nc3 a6 10.O-O e6 11.d4 cxb5 12.d5 Nc5 13.Qa2 Nf6 14.dxe6 Qxe6 15.Qb2 Qb3
16.Nd4 Qxb2 17.Bxb2 Bxg2 18.Kxg2 O-O-O 19.Ndxb5 axb5 20.Ra8+ Kd7 21.Rd1+ Bd6
22.Ra7+ Kc6 23.Rxf7 b4 24.Na2 b3 25.Nb4+ Kb5 26.Rxg7 Rhf8 27.Nd5 Nxd5 28.Rxd5 Bb8
29.Rh5 Kc6 30.Ba3 Bd6 31.Rgxh7 Ne4 32.R7h6 Rxf2+ 33.Kh3 Nf6 34.Ra5 Bxa3 35.Rxa3 Rb8
36.Rh4 b2 37.Rc3+ Kd7 38.Rd4+ Ke6 39.Rc6+ Kf7 40.Rc7+ Kg6 41.g4 Rb3+  0-1

[Event "47th Doeberl Cup Premier"]
[Site "Canberra AUS"]
[Date "2009.04.10"]
[Round "3"]
[White "Morris,J"]
[Black "Ghane,S"]
[Result "0-1"]
[WhiteElo "2114"]
[BlackElo "2415"]

1.Nf3 d5 2.c4 c6 3.g3 Nf6 4.Bg2 Bf5 5.d4 e6 6.O-O Nbd7 7.Nc3 dxc4 8.a4 a5
9.Bg5 Be7 10.Nd2 Nb6 11.e4 Bg4 12.Qc2 Qxd4 13.h3 Bh5 14.g4 Bg6 15.Rfd1 Nxg4
16.Nf3 Qxf2+ 17.Qxf2 Nxf2 18.Kxf2 Bxg5 19.Nxg5 e5 20.Nf3 f6 21.Rd6 Ke7 22.Rad1 Rhd8
23.Rxd8 Rxd8 24.Rxd8 Kxd8 25.Nh4 Nc8 26.Nxg6 hxg6 27.Ke3 Kc7 28.Bf1 Nd6 29.h4 Kb6
30.Be2 Kc5 31.Bd1 f5 32.Bc2 b5 33.axb5 cxb5 34.Nd5 b4 35.Ne7 b3 36.Bb1 c3
37.bxc3 a4 38.Nd5 a3 39.Nb4 Nxe4 40.Kd3 Nf6 41.Na6+ Kd6 42.Nb4 Nd5  0-1

[Event "ch-WLS"]
[Site "Cardiff WLS"]
[Date "2009.04.10"]
[Round "1"]
[White "Wagner,Gu"]
[Black "Spice,A"]
[Result "0-1"]
[WhiteElo "1830"]
[BlackElo "2159"]

1.Nf3 d5 2.c4 dxc4 3.Qa4+ c6 4.Qxc4 Nf6 5.g3 Bg4 6.Bg2 Nbd7 7.d3 Bxf3 8.Bxf3 Ne5
9.Qf4 Nxf3+ 10.Qxf3 g6 11.Nc3 Bg7 12.O-O O-O 13.Rb1 Qd7 14.Bd2 Rfd8 15.b4 Nd5
16.Nxd5 cxd5 17.b5 Rac8 18.Bb4 Rc2 19.d4 Rdc8 20.a4 R8c4 21.e4 dxe4 22.Qxe4 e6
23.b6 a6 24.Bc5 Ra2 25.Ra1 Rxa1 26.Rxa1 Rxc5 27.dxc5 Bxa1 28.c6 bxc6 29.Qb1 Be5
30.b7 Qc7  0-1

[Event "16th TCh-RUS HL"]
[Site "Dagomys RUS"]
[Date "2009.04.10"]
[Round "9"]
[White "Makarov,M"]
[Black "Sjugirov,S"]
[Result "1/2-1/2"]
[WhiteElo "2511"]
[BlackElo "2588"]

1.Nf3 d5 2.c4 e6 3.g3 dxc4 4.Qa4+ Nd7 5.Bg2 a6 6.Qxc4 b5 7.Qc2 Bb7 8.O-O Ngf6
9.a4 c5 10.axb5 axb5 11.Rxa8 Qxa8 12.Na3 Bc6 13.d3 Qb7 14.Bg5 Be7 15.Nb1 h6
16.Bxf6 Bxf6 17.Nbd2 O-O 18.Nb3 Ra8 19.Nxc5 Nxc5 20.Qxc5 Bxb2 21.Qc2 Bf6
22.Rc1 Ra6 23.Ng5 hxg5 24.Bxc6 Qb8 25.Be4 Ra1 26.Rxa1 Bxa1 27.Qb3 b4 28.e3 Bf6
29.d4 g6 30.Bc2 Qc7 31.Qd3 Kg7 32.Bb3 Qc1+  1/2-1/2

[Event "ArcelorMittal Open"]
[Site "Frydek Mistek CZE"]
[Date "2009.04.10"]
[Round "3"]
[White "Mouryc,T"]
[Black "Snorek,M"]
[Result "0-1"]
[WhiteElo "1992"]
[BlackElo "2155"]

1.Nf3 d5 2.c4 dxc4 3.Qa4+ c6 4.Qxc4 Nf6 5.g3 Bf5 6.d3 Nbd7 7.Bg2 e6 8.O-O Be7
9.Bd2 O-O 10.b4 e5 11.Na3 a5 12.Nc2 Be6 13.Qc3 Nd5 14.Qb2 a4 15.a3 Bf6 16.e4 N5b6
17.Bc3 Qc7 18.Ne3 Rfe8 19.d4 Nc4 20.Nxc4 Bxc4 21.Rfe1 Rad8 22.dxe5 Nxe5 23.Nxe5 Bxe5
24.Bxe5 Qxe5 25.Qxe5 Rxe5 26.Rad1 Ree8 27.Bf3 Kf8 28.Rxd8 Rxd8 29.Rd1 Rxd1+
30.Bxd1 b5 31.f4 Bb3 32.Be2 c5 33.Bxb5 cxb4 34.Bxa4 Bxa4 35.axb4 Bc6 36.e5 Ke7
37.Kf2 Ke6 38.Ke3 Kd5 39.h4 h5 40.Kd3 g6  0-1

[Event "Foxwoods Open"]
[Site "Ledyard USA"]
[Date "2009.04.10"]
[Round "4"]
[White "Iwu,O"]
[Black "Odeh,K"]
[Result "1-0"]
[WhiteElo "2198"]
[BlackElo "1999"]

1.Nf3 d5 2.c4 c6 3.b3 Nf6 4.g3 Bf5 5.Bg2 e6 6.O-O dxc4 7.bxc4 Bb4 8.Qb3 Qb6
9.Nc3 Bxc3 10.Qxc3 Na6 11.Ba3 Nc5 12.d3 Ncd7 13.Rab1 Qc7 14.Qb4 O-O-O 15.Qa4 b6
16.Nd4 Ne5 17.Nxc6 Nxc6 18.Bxc6 e5 19.c5 Bd7 20.Qa6+ Kb8 21.Rxb6+  1-0

[Event "11th European Senior Team"]
[Site "Velden AUT"]
[Date "2009.04.10"]
[Round "6"]
[White "Trapl,J"]
[Black "Hurme,H"]
[Result "0-1"]
[WhiteElo "2353"]
[BlackElo "2241"]

1.Nf3 d5 2.c4 e6 3.d4 Nf6 4.Nc3 c5 5.cxd5 exd5 6.Bg5 cxd4 7.Nxd4 Be7 8.e3 O-O
9.Be2 Nc6 10.O-O Be6 11.Rc1 h6 12.Bf4 Bd6 13.Bxd6 Qxd6 14.Ncb5 Qe7 15.Nxc6 bxc6
16.Nd4 Rfc8 17.Nb3 Rab8 18.Nc5 Qd6 19.Qd4 a5 20.a3 Nd7 21.Nxd7 Bxd7 22.Rfd1 Qf6
23.Qxf6 gxf6 24.Ba6 Rc7 25.Rd2 Ra7 26.Bd3 Rab7 27.Rcc2 Kf8 28.e4 Ke7 29.f3 Kd6
30.Bc4 Be6 31.Kf2 Ke5 32.Ke3 f5 33.f4+ Kd6 34.e5+ Ke7 35.Bd3 Bd7 36.g3 Rb3
37.Kd4 h5 38.Re2 h4 39.gxh4 Rh8 40.Rc3 Rbb8 41.Rc5 a4 42.Rf2 Rxh4 43.Bf1 Rbh8
44.h3 Ra8 45.Rc3 Ra5 46.Bd3 Rxh3 47.Bc2 Rh8 48.Rg3 Rb8 49.Bd1 c5+ 50.Kxd5 Be6+
51.Kc6 Ra6+ 52.Kc7 Rab6 53.Bf3 Rb3  0-1

[Event "Foxwoods Open"]
[Site "Ledyard USA"]
[Date "2009.04.11"]
[Round "6"]
[White "Iwu,O"]
[Black "Thaler,Mi"]
[Result "1-0"]
[WhiteElo "2198"]
[BlackElo "2238"]

1.Nf3 d5 2.c4 c6 3.b3 Nf6 4.g3 Bf5 5.Bg2 e6 6.O-O Nbd7 7.Bb2 Bd6 8.d3 Qe7
9.a3 O-O 10.Nbd2 Rfe8 11.b4 e5 12.e4 dxe4 13.dxe4 Be6 14.c5 Bc7 15.Qc2 Rad8
16.Rfd1 Bg4 17.Nc4 Bxf3 18.Bxf3 Nf8 19.Qc3 Ne6 20.Nd6 Bxd6 21.cxd6 Rxd6 22.Qxe5 Rxd1+
23.Rxd1 Rd8 24.Kg2 Rxd1 25.Bxd1 Nd7 26.Qc3 c5 27.Bb3 Nd4 28.Bd5 b6 29.bxc5 bxc5
30.Qe3 Nb6 31.Ba2 h6 32.Bxd4 cxd4 33.Qxd4 Qxa3 34.Qd8+ Qf8 35.Qc7 Qe8 36.e5 Kf8
37.Qxa7 Qc6+ 38.Kh3 Qd7+ 39.Qxd7 Nxd7 40.f4 g5 41.Kg4 gxf4 42.gxf4 Kg7 43.Kf5 Nc5
44.Bc4 Kf8 45.Kg4 Nd7 46.Bb5 Nc5 47.Kh5 Ne6 48.Kg4 f6 49.exf6 Kf7 50.Bc4 Kxf6
51.Bxe6 Kxe6 52.f5+ Ke5 53.h3 Kf6 54.Kf4 Kf7 55.Ke5 h5 56.h4 Ke7 57.f6+ Kf7
58.Kf5 Kf8 59.Kg6 Kg8 60.Kxh5 Kf7 61.Kg5  1-0

[Event "47th Doeberl Cup Premier"]
[Site "Canberra AUS"]
[Date "2009.04.12"]
[Round "8"]
[White "Van der Wal,F"]
[Black "Holland,D"]
[Result "1/2-1/2"]
[WhiteElo "1932"]
[BlackElo "1963"]

1.Nf3 d5 2.c4 e6 3.b3 Nf6 4.Bb2 c6 5.e3 Bd6 6.Be2 Nbd7 7.d4 Qe7 8.Nbd2 e5
9.cxd5 Nxd5 10.dxe5 Nxe5 11.O-O Nxf3+ 12.Nxf3 Nf6 13.Qd4 O-O 14.Rad1 Bc5
15.Qh4 Ne4 16.Bd3 Qxh4 17.Nxh4 f5 18.Bc4+ Kh8 19.Nf3 Nd6 20.Be2 Be6 21.Ne5 Rad8
22.Nd3 Bb6 23.Ba3 Rfe8 24.Nf4 Bc7 25.Rd3 Bf7 26.Rfd1 Ne4 27.f3 Nf6 28.Kf2 Nd5
29.Nxd5 Bxd5 30.Bc5 b6 31.Bd4 Bf7 32.g3 c5 33.Bb2 Rxd3 34.Rxd3 Rd8 35.Rxd8+ Bxd8
36.Bd3 Be6 37.e4 fxe4 38.Bxe4 Bc7 39.Bd3 Kg8 40.Ke3 g6 41.Bc3 Kf7 42.f4 Bd6
43.h4 Bg4 44.Bc4+ Be6 45.Bd3 Bg4 46.Bc4+ Be6  1/2-1/2

[Event "Pedro Lezcano Montalvo Mem"]
[Site "Las Palmas ESP"]
[Date "2009.04.12"]
[Round "10"]
[White "Kurajica,B"]
[Black "Vega Gutierrez,B"]
[Result "1-0"]
[WhiteElo "2555"]
[BlackElo "2236"]

1.Nf3 d5 2.c4 c6 3.b3 Nf6 4.Bb2 Bf5 5.g3 e6 6.Bg2 Nbd7 7.O-O Bd6 8.d3 Qe7
9.Nbd2 e5 10.Re1 O-O 11.cxd5 cxd5 12.e4 dxe4 13.dxe4 Bg4 14.Nc4 Bb4 15.Re3 Rfd8
16.Qb1 Bxf3 17.Rxf3 b5 18.a3 bxc4 19.axb4 Qxb4 20.Ra4 Qb7 21.Rxc4 Nb6 22.Rb4 a5
23.Rb5 Qc6 24.Rxe5 Rd2 25.Rc3 Qd6 26.Rc1 a4 27.Rf5 Rd8 28.e5 Rd1+ 29.Bf1 Rxc1
30.Qxc1 Qd7 31.Rf3 Nfd5 32.bxa4 Nxa4 33.Rd3 h6 34.Bg2 Qb5 35.Rxd5 Rxd5 36.Qc8+ Kh7
37.Qc2+  1-0

[Event "11th European Senior Team"]
[Site "Velden AUT"]
[Date "2009.04.12"]
[Round "8"]
[White "Trapl,J"]
[Black "Dueckstein,A"]
[Result "1-0"]
[WhiteElo "2353"]
[BlackElo "2235"]

1.Nf3 d5 2.c4 d4 3.g3 g6 4.b4 Bg7 5.Bb2 e5 6.d3 Ne7 7.Bg2 a5 8.b5 c5 9.bxc6 Nbxc6
10.Na3 O-O 11.O-O Nb4 12.Nb5 Bd7 13.a3 Na6 14.e3 dxe3 15.Nxe5 exf2+ 16.Rxf2 Nc6
17.Nxc6 bxc6 18.Bxg7 Kxg7 19.Qf3 Nc5 20.d4 Na4 21.Nd6 f6 22.Re1 Nb6  1-0

[Event "ArcelorMittal Open"]
[Site "Frydek Mistek CZE"]
[Date "2009.04.13"]
[Round "9"]
[White "Mouryc,T"]
[Black "Shanel,J"]
[Result "0-1"]
[WhiteElo "1992"]
[BlackElo "2159"]

1.Nf3 d5 2.c4 e6 3.e3 Nf6 4.Nc3 c6 5.b3 Nbd7 6.Bb2 a6 7.Be2 Bd6 8.O-O O-O
9.d4 Ne4 10.Nxe4 dxe4 11.Nd2 f5 12.f4 exf3 13.Nxf3 Qe7 14.c5 Bc7 15.b4 Nf6
16.Ne5 Bd7 17.a4 Nd5 18.Qb3 Bxe5 19.dxe5 a5 20.bxa5 Rxa5 21.Bd4 Rb8 22.Bc4 Bc8
23.Bxd5 exd5 24.Qc3 Rba8 25.Qc2 Bd7 26.Rab1 Be8 27.Qb3 Rxa4 28.Qxb7 Qg5 29.Rf3 R4a7
30.Qb3 Bg6 31.Rg3 Qh4 32.Rf1 Qe7 33.Qb6 Qd7 34.Qb3 Rb7 35.Qc3 Bh5 36.Qd2 Rba7
37.Qf2 Bg6 38.h4 Qe6 39.h5 Bxh5 40.Qxf5 Qxf5 41.Rxf5 Bg6 42.Rf1 Be4 43.Rg4 Re7
44.Rgf4 Re6 45.Ra1 Rb8 46.Rff1 Rg6 47.Rf2 h5 48.Raa2 h4 49.Kh2 Rb1 50.Ra1 Rb7
51.Ra8+ Kh7 52.Raa2 Kh6 53.Rf4 Kh5 54.Raf2 Rh6 55.Rf5+ g5 56.Rf6 g4 57.Rxh6+ Kxh6
58.Rf8 Bh7 59.Ra8 g3+ 60.Kh3 Kg5 61.Rf8  0-1

[Event "CEZ Cup"]
[Site "Frydek Mistek CZE"]
[Date "2009.04.13"]
[Round "9"]
[White "Jurek,J"]
[Black "Belunek,V"]
[Result "1/2-1/2"]
[WhiteElo "2344"]
[BlackElo "2284"]

1.Nf3 d5 2.c4 c6 3.d4 Nf6 4.Qc2 dxc4 5.Qxc4 Bf5 6.Nc3 h6 7.g3 e6 8.Bg2 Nbd7
9.O-O Be7 10.Re1 O-O 11.e4 Bh7 12.a3 a5 13.Qb3  1/2-1/2

[Event "11th European Senior Team"]
[Site "Velden AUT"]
[Date "2009.04.13"]
[Round "9"]
[White "Ager,J"]
[Black "Mujunen,M"]
[Result "1-0"]
[WhiteElo "2223"]
[BlackElo "2155"]

1.Nf3 d5 2.c4 c6 3.g3 Nf6 4.Bg2 Bg4 5.Qb3 Qb6 6.Qxb6 axb6 7.cxd5 Nxd5 8.Nc3 Nxc3
9.dxc3 Nd7 10.O-O e6 11.Rd1 Be7 12.Rxd7 Kxd7 13.Ne5+ Ke8 14.Nxg4 h5 15.Ne5 Rc8
16.Be3 Bf6 17.Nc4 Ke7 18.Bxb6 Bg5 19.f4 Bh6 20.Rd1 f6 21.Bc5+  1-0

[Event "CCF Easter"]
[Site "Coulsdon ENG"]
[Date "2009.04.15"]
[Round "5"]
[White "Radovanovic,J"]
[Black "Allicock,R"]
[Result "1-0"]
[WhiteElo "2323"]
[BlackElo "2324"]

1.Nf3 d5 2.c4 d4 3.g3 Nc6 4.Bg2 e5 5.d3 Nf6 6.O-O Be7 7.b4 e4 8.dxe4 Bxb4
9.Bb2 Be6 10.e5 Ng4 11.Nxd4 Nxd4 12.Bxd4 Qd7 13.Bb2 Bc5 14.Qxd7+ Kxd7 15.Nd2 Kc8
16.Ne4 Be7 17.Rac1 Rd8 18.h3 Nh6 19.g4 a5 20.f4 g6 21.Rc2 a4 22.a3 Ra6 23.Ng3 Rb6
24.f5 Bxc4 25.Rxc4 Rxb2 26.Rxa4 Kb8 27.f6 Bc5+ 28.Kh1 Re8 29.Re4 Rb6 30.a4 Rbe6
31.g5 Ng8 32.Rb1 b6 33.Rd1 Bf2 34.Kh2 h6 35.h4 hxg5 36.hxg5 Ka7 37.Rd7 Rxe5
38.Rxe5 Rxe5 39.Ne4 Be3 40.Rxc7+ Ka6 41.Rc8  1-0

[Event "Sydney International Open"]
[Site "Parramatta AUS"]
[Date "2009.04.15"]
[Round "2"]
[White "Morris,J"]
[Black "Jule,S"]
[Result "1-0"]
[WhiteElo "2114"]
[BlackElo "1847"]

1.Nf3 d5 2.c4 d4 3.g3 Nc6 4.Bg2 Nf6 5.O-O g6 6.d3 Bg7 7.Na3 O-O 8.Nc2 a5
9.b3 Nd7 10.a3 Nc5 11.Rb1 e5 12.b4 Ne6 13.b5 Ne7 14.a4 Rb8 15.e3 dxe3 16.Nxe3 Nc5
17.Ba3 b6 18.Bxc5 bxc5 19.Nd2 Qxd3 20.Nb3 Qxd1 21.Rfxd1 Nf5 22.Nd5 Nd4 23.Nxc5 Bg4
24.Rd2 Rfd8 25.Nb7 Rxd5 26.Bxd5 Bf5 27.Rf1 e4 28.Kg2 Nf3 29.Ra2 Ng5 30.Rc1 Bd4
31.h4 Nf3 32.Nxa5 Ne5 33.Nc6 Nxc6 34.Bxc6 e3 35.fxe3 Bxe3 36.Rc3 Bc5 37.a5 Be6
38.b6 cxb6 39.a6 Bb4 40.Rc1  1-0

[Event "Sydney International Open"]
[Site "Parramatta AUS"]
[Date "2009.04.16"]
[Round "4"]
[White "Morris,J"]
[Black "Solomon,SJ"]
[Result "1-0"]
[WhiteElo "2114"]
[BlackElo "2455"]

1.Nf3 d5 2.c4 e6 3.g3 Nf6 4.Bg2 Be7 5.O-O O-O 6.b3 c5 7.Bb2 Nc6 8.cxd5 exd5
9.d4 Bg4 10.Nbd2 Rc8 11.Ne5 cxd4 12.Nxg4 Nxg4 13.Nf3 d3 14.Qxd3 Bf6 15.Nd4 Re8
16.e3 h5 17.Rfd1 g6 18.h3 Nge5 19.Qb5 Re7 20.Bxd5 Rd7 21.Ne6 Qe7 22.Nf4 Rcd8
23.Qe2 g5 24.Bxc6 Rxd1+ 25.Rxd1 Rxd1+ 26.Qxd1 gxf4 27.Bxe5 Bxe5 28.exf4 bxc6
29.fxe5 Qxe5 30.Qc2 c5 31.a4 f5 32.Qc4+ Kf8 33.a5 Kg7 34.a6 Kf6 35.h4 Qd6
36.Qc1 f4 37.Qxf4+ Qxf4 38.gxf4 Kf5 39.f3 Kxf4 40.Kf2 Ke5 41.Ke3 Kf5 42.f4 Kg4
43.Ke4 Kxh4 44.f5 Kg5 45.Ke5 h4 46.f6 Kh6 47.Ke6 h3 48.f7  1-0

[Event "TCh-HUN 2008-9"]
[Site "Budapest HUN"]
[Date "2009.04.18"]
[Round "11"]
[White "Pinter,J"]
[Black "Varga,P1"]
[Result "1-0"]
[WhiteElo "2536"]
[BlackElo "2438"]

1.Nf3 d5 2.c4 c6 3.e3 Nf6 4.Nc3 a6 5.b3 Bf5 6.Bb2 Nbd7 7.d4 h6 8.Be2 e6 9.O-O Bd6
10.c5 Bc7 11.b4 Ne4 12.a4 O-O 13.b5 Ba5 14.Nxe4 Bxe4 15.Nd2 Bxd2 16.Qxd2 Qc7
17.bxa6 bxa6 18.Bc3 Rfb8 19.Ba5 Qb7 20.Rfc1 Qc8 21.Ra2 Rb3 22.Qd1 Rb7 23.Qd2 Rb3
24.Bc3 Rab8 25.Bd1 R3b7 26.Rb2 Rxb2 27.Bxb2 Rb7 28.Bc3 Qb8 29.Be2 Rb1 30.f3 Bg6
31.a5 Qb7 32.Qd1 Rxc1 33.Qxc1 f6 34.Qf1 Nb8 35.h3 Bc2 36.Qc1 Ba4 37.Bd3 Qb3
38.h4 Bb5 39.Qc2 Qxc2 40.Bxc2 g5 41.Be1 Kg7 42.g4 gxh4 43.Bxh4 Nd7 44.Bg3 Nf8
45.Bd6 Ng6 46.Kf2 Nh8 47.f4 Nf7 48.Be7 e5 49.dxe5 fxe5 50.Bf5 exf4 51.exf4 Nh8
52.Ke3 Ng6 53.Bd6 Nh4 54.Bc8 Kf6 55.Be5+ Kf7 56.f5 d4+ 57.Bxd4 Ng2+ 58.Ke4 Ne1
59.Be6+ Ke7 60.Be3 Nd3 61.Kd4 h5 62.Bg5+ Kf8 63.f6  1-0